A Career in landscape architecture /
Saved in:
| Corporate Author: | |
|---|---|
| Format: | Book |
| Language: | English |
| Published: |
East Lansing, Mich. :
The College,
[19--?]
|
| Subjects: | |
| Tags: |
Add Tag
No Tags, Be the first to tag this record!
|
| LEADER | 00815nam a22001817u 4500 | ||
|---|---|---|---|
| 001 | 000000350-6 | ||
| 005 | 20090409105130.0 | ||
| 008 | 830127s19uu ||||||| |||| |0||||eng|d | ||
| 035 | 0 | |a ocm79707797 | |
| 245 | 0 | 2 | |a A Career in landscape architecture / |c Department of Landscape Architecture and Urban Planning, Michigan State College. |
| 260 | 0 | |a East Lansing, Mich. : |b The College, |c [19--?] | |
| 300 | |a [8] p. : |b ill., maps ; |c 21 x 23 cm. folded to 11 x 23 cm. | ||
| 610 | 2 | 0 | |a Michigan State College. |b Department of Landscape Architecture and Urban Planning. |
| 650 | 0 | |a Landscape architecture |x Study and teaching |z Michigan |z East Lansing. | |
| 650 | 0 | |a Landscape architecture |x Vocational guidance. | |
| 710 | 2 | |a Michigan State College. |b Department of Landscape Architecture and Urban Planning. | |
| 988 | |a 20020608 | ||
| 906 | |0 MH | ||


